| 000 | 00436nam a2200181Ia 4500 | ||
|---|---|---|---|
| 008 | 240925s9999 xx 000 0 und d | ||
| 020 | _aNA | ||
| 082 | _a531 ART | ||
| 100 | _aArthur, Wallace | ||
| 245 | 0 | _aMechanics | |
| 250 | _aNA | ||
| 260 |
_aNew York: _bMarcel Deker inc _c,1969. |
||
| 300 |
_axi,638p. _bNA _fOriginal |
||
| 500 | _aIncludes Index | ||
| 600 | _aHumanities & Natural Science | ||
| 650 | _aPhysics | ||
| 942 | _cBK | ||
| 999 |
_c3799 _d3799 |
||